|
|
|
|
| LEADER |
00000cam a2200000 7i4500 |
| 001 |
0000004257 |
| 002 |
000004576 |
| 005 |
20000330.0 |
| 020 |
|
|
|a 4079750617
|
| 090 |
0 |
0 |
|a 747.0952
|b MAH
|
| 100 |
1 |
|
|a Mahoney, Jean
|
| 245 |
1 |
0 |
|a At home with Japanese design
|c Jean Mahoney and Peggy Landers Rao
|
| 260 |
|
|
|a Tokyo :
|b Shufunotomo Co.,Ltd. ,
|c 1991
|
| 300 |
|
|
|a 184p. :
|b ill ;
|c 27cm.
|
| 650 |
0 |
0 |
|a Architecture
|z Japan
|y 20th century
|
| 650 |
0 |
0 |
|a Design
|z Japan
|x History
|
| 700 |
0 |
|
|a Rao, Peggy Landers
|
| 999 |
|
|
|a 031398
|b BUKU
|c PINJAMAN
|e PERPUSTAKAAN KOMUNITI PETALING JAYA
|
| 999 |
|
|
|a 031399
|b BUKU
|c PINJAMAN
|e PERPUSTAKAAN KOMUNITI PETALING JAYA
|